Stany USA - Nagła Śmierć - Statystyki

Ogólne statystyki
  • Ten quiz został rozwiązany 55 razy
  • Średni wynik to 19 z 25
Answers on the Grid
Answers color-coded by a green-red scale on the quiz's grid according to % correct below.
Morawy
Mazowsze
Karolina Północna
Vermont
Wirginia Zachodnia
Kujawy
Rhode Island
New Jersey
Kurdystan
Sparta
Connecticut
Illinois
Opole
Wyoming
New Hampshire
Michigan
Miami
Dhaka
Karolina Południowa
Ladakh
Rhode Island
Nebraska
Kentucky
Massachusetts
Maryland
Transylwania
Assam
Kansas
Hawaje
Pensylwania
Alaska
Tripura
Kalifornia Dolna
Delaware
Nevada
Utah
Campeche
Colima
Durango
Iowa
Missisipi
Izmir
Rodos
Casablanca
 
Statystyki odpowiedzi
Odpowiedź % Poprawnych
Karolina Północna
93%
New Jersey
93%
Wirginia Zachodnia
91%
Illinois
89%
Michigan
87%
Wyoming
87%
Connecticut
84%
New Hampshire
78%
Rhode Island
78%
Karolina Południowa
76%
Kentucky
76%
Massachusetts
76%
Nebraska
76%
Missisipi
73%
Alaska
71%
Iowa
71%
Kansas
71%
Nevada
71%
Vermont
71%
Utah
69%
Delaware
67%
Hawaje
67%
Maryland
67%
Pensylwania
67%
Rhode Island
67%
Nie znaleziono quizów pasujących do podanych kryteriów
Rozkład punktacji
Procent ludzi z każdym wynikiem
Percentyl według liczby udzielonych odpowiedzi
Twoja historia wyników
Nie rozwiązałeś tego quizu